[Event "EU-Cup Online Gr-C"]
[Site "Tornelo INT"]
[Date "2021.03.28"]
[Round "8.4"]
[White "Kirsch, Laurent"]
[Black "Deveci, Huseyin Said"]
[Result "1-0"]
[WhiteElo "2120"]
[BlackElo "1521"]
[PlyCount "71"]
[EventDate "2021.03.27"]
[EventType "team-tourn (rapid)"]
[EventRounds "9"]
[EventCountry "NET"]
[SourceTitle "CBM 201 Extra"]
[Source "ChessBase"]
[SourceDate "2021.05.31"]
[SourceVersion "1"]
[SourceVersionDate "2021.05.31"]
[SourceQuality "1"]
[WhiteTeam "Differdange Le Cavalier"]
[BlackTeam "Zeitnot Express"]
[WhiteTeamCountry "LUX"]
[BlackTeamCountry "TUR"]

1. d4 Nf6 2. c4 c5 3. d5 b5 4. cxb5 a6 5. e3 d6 6. Nc3 g6 7. Nf3 Bg7 8. a4 0-0 9. e4 Bb7 10. Bd2 e6 11. dxe6 fxe6 12. Bd3 d5 13. exd5 exd5 14. 0-0 d4 15. bxa6 Bxf3 16. Qxf3 dxc3 17. Bc4+ Kh8 18. Qxa8 cxd2 19. Rad1 Qd6 20. a7 Ng4 21. g3 Nc6 22. Qb7 Nxf2 23. a8Q Nxd1 24. Rxf8+ Bxf8 25. Qxc6 Qd4+ 26. Kh1 Nf2+ 27. Kg2 Kg7 28. Be2 d1Q 29. Bxd1 Nxd1 30. Qab7+ Kh6 31. Qf3 Ne3+ 32. Kh3 Bd6 33. Qbe4 Qxb2 34. Qfxe3+ Kg7 35. Qe6 Bf8 36. Q3e5+ 1-0

[Event "EU-Cup Online Gr-C"]
[Site "Tornelo INT"]
[Date "2021.03.27"]
[Round "4.3"]
[White "Kirsch, Laurent"]
[Black "Colbow, Collin"]
[Result "1/2-1/2"]
[WhiteElo "2120"]
[BlackElo "2339"]
[PlyCount "38"]
[EventDate "2021.03.27"]
[EventType "team-tourn (rapid)"]
[EventRounds "9"]
[EventCountry "NET"]
[SourceTitle "CBM 201 Extra"]
[Source "ChessBase"]
[SourceDate "2021.05.31"]
[SourceVersion "1"]
[SourceVersionDate "2021.05.31"]
[SourceQuality "1"]
[WhiteTeam "Differdange Le Cavalier"]
[BlackTeam "Werder Bremen"]
[WhiteTeamCountry "LUX"]
[BlackTeamCountry "GER"]

1. d4 Nf6 2. c4 e6 3. Nc3 Bb4 4. f3 c5 5. d5 b5 6. e4 bxc4 7. Bxc4 exd5 8. Bxd5 Nxd5 9. Qxd5 Nc6 10. Nge2 Ba6 11. a3 Bxc3+ 12. Nxc3 Nd4 13. Kf2 0-0 14. Bf4 Qb6 15. Rab1 Bd3 16. Na4 Qb5 17. Nc3 Qb6 18. Na4 Qb5 19. Nc3 Qb6 1/2-1/2

[Event "Luxembourg-chT 1415"]
[Site "Luxembourg"]
[Date "2014.10.05"]
[Round "1"]
[White "Osieka, Udo"]
[Black "Kirsch, Laurent"]
[Result "1/2-1/2"]
[WhiteElo "2250"]
[BlackElo "2102"]
[PlyCount "78"]
[EventDate "2014.10.05"]
[EventType "team-tourn"]
[EventRounds "10"]
[EventCountry "LUX"]
[SourceTitle "EXT 2017"]
[Source "ChessBase"]
[SourceDate "2016.10.25"]
[SourceVersion "1"]
[SourceVersionDate "2016.10.25"]
[SourceQuality "1"]

1. Nf3 g6 2. e4 Bg7 3. d4 d6 4. c3 a6 5. Bd3 Nd7 6. 0-0 e6 7. Re1 b6 8. h3 Bb7 9. c4 Ne7 10. Nc3 h6 11. Rb1 0-0 12. b4 c5 13. Be3 Nc6 14. bxc5 dxc5 15. Ne2 cxd4 16. Nfxd4 Nc5 17. Bc2 Na5 18. Nb3 Naxb3 19. axb3 Qc7 20. Qc1 Kh7 21. Bd4 e5 22. Bc3 Rfe8 23. Qe3 Ne6 24. h4 Rac8 25. h5 g5 26. Ba1 Nf4 27. g3 Nxh5 28. Rbd1 Nf6 29. Rd5 Bxd5 30. exd5+ e4 31. Nd4 Qd7 32. Nc6 Rxc6 33. dxc6 Qxc6 34. Bxf6 Qxf6 35. Bxe4+ Kh8 36. Kg2 Qc3 37. Qxc3 Bxc3 38. Re3 Bd4 39. Re2 Re6 1/2-1/2

[Event "Luxembourg-chT 1213"]
[Site "Luxembourg"]
[Date "2013.04.10"]
[Round "7"]
[White "Doison, Axel"]
[Black "Kirsch, Laurent"]
[Result "1/2-1/2"]
[WhiteElo "2034"]
[BlackElo "2102"]
[PlyCount "51"]
[EventDate "2012.10.??"]
[EventType "team-tourn"]
[EventRounds "10"]
[EventCountry "LUX"]
[SourceTitle "EXT 2017"]
[Source "ChessBase"]
[SourceDate "2016.10.25"]
[SourceVersion "1"]
[SourceVersionDate "2016.10.25"]
[SourceQuality "1"]

1. c4 Nf6 2. g3 g6 3. Bg2 Bg7 4. Nf3 0-0 5. 0-0 d6 6. Nc3 e5 7. d3 Nc6 8. Rb1 a5 9. a3 Nd4 10. Nd2 c6 11. e3 Nf5 12. Nf3 Qc7 13. e4 Nd4 14. Nxd4 exd4 15. Ne2 d5 16. exd5 cxd5 17. cxd5 Qe5 18. b4 axb4 19. Rxb4 Qd6 20. Qb3 Rd8 21. Nxd4 Nxd5 22. Nb5 Qc6 23. Bxd5 Rxd5 24. Nc7 Rxd3 25. Qxd3 Bf5 26. Qb3 1/2-1/2

[Event "Luxembourg-chT 1213"]
[Site "Luxembourg"]
[Date "2013.04.10"]
[Round "8"]
[White "Mossong, Hubert"]
[Black "Kirsch, Laurent"]
[Result "0-1"]
[WhiteElo "2159"]
[BlackElo "2102"]
[PlyCount "79"]
[EventDate "2012.10.??"]
[EventType "team-tourn"]
[EventRounds "10"]
[EventCountry "LUX"]
[SourceTitle "EXT 2017"]
[Source "ChessBase"]
[SourceDate "2016.10.25"]
[SourceVersion "1"]
[SourceVersionDate "2016.10.25"]
[SourceQuality "1"]

1. e4 c5 2. Nc3 Nc6 3. Bb5 Nd4 4. Nge2 a6 5. Bc4 b5 6. Bd5 Rb8 7. Nxd4 cxd4 8. Ne2 Nf6 9. d3 Nxd5 10. exd5 Bb7 11. Nf4 e5 12. dxe6 dxe6 13. Qg4 Qf6 14. 0-0 g6 15. Re1 Qf5 16. Qxf5 gxf5 17. Nh5 Be7 18. Kf1 Rg8 19. f3 Rc8 20. Re2 Rg6 21. Bf4 Bg5 22. a4 b4 23. a5 Bc6 24. Kf2 Ke7 25. Bxg5+ Rxg5 26. Nf4 Kd6 27. Rae1 Ba4 28. b3 Bd7 29. h4 Rgg8 30. Nh5 Rc5 31. Ra1 Rgc8 32. Ra2 h6 33. f4 Ke7 34. Ng3 Kf6 35. Nf1 Bb5 36. Nh2 Bc6 37. Nf1 Bd5 38. Nd2 Rc3 39. Nc4 Bxc4 40. bxc4 0-1

[Event "Luxembourg-chT 1112"]
[Site "Luxembourg"]
[Date "2012.04.10"]
[Round "8"]
[White "Doison, Axel"]
[Black "Kirsch, Laurent"]
[Result "1/2-1/2"]
[WhiteElo "2034"]
[BlackElo "2102"]
[PlyCount "33"]
[EventDate "2011.10.??"]
[EventType "team-tourn"]
[EventRounds "10"]
[EventCountry "LUX"]
[SourceTitle "EXT 2017"]
[Source "ChessBase"]
[SourceDate "2016.10.25"]
[SourceVersion "1"]
[SourceVersionDate "2016.10.25"]
[SourceQuality "1"]

1. d4 Nf6 2. Bf4 g6 3. e3 Bg7 4. Be2 d6 5. Nf3 0-0 6. 0-0 Nbd7 7. h3 Re8 8. c4 c6 9. Nc3 Qb6 10. Rb1 c5 11. d5 Nf8 12. e4 e6 13. dxe6 Nxe6 14. Qxd6 Nxf4 15. Qxf4 Nh5 16. Qd2 Bxc3 17. Qxc3 1/2-1/2

[Event "Luxembourg-chT 1112"]
[Site "Luxembourg"]
[Date "2012.01.10"]
[Round "4"]
[White "Peiffer, Joe"]
[Black "Kirsch, Laurent"]
[Result "0-1"]
[WhiteElo "1892"]
[BlackElo "2102"]
[PlyCount "68"]
[EventDate "2011.10.??"]
[EventType "team-tourn"]
[EventRounds "10"]
[EventCountry "LUX"]
[SourceTitle "EXT 2017"]
[Source "ChessBase"]
[SourceDate "2016.10.25"]
[SourceVersion "1"]
[SourceVersionDate "2016.10.25"]
[SourceQuality "1"]

1. e4 c5 2. Nc3 Nc6 3. f4 g6 4. Nf3 Bg7 5. g3 d6 6. Bg2 e6 7. 0-0 Nge7 8. d3 0-0 9. Bd2 Rb8 10. g4 f5 11. gxf5 exf5 12. a4 a6 13. Qe1 b5 14. axb5 axb5 15. Rb1 b4 16. Ne2 Ba6 17. b3 Qd7 18. Bc1 Rbe8 19. Ng3 fxe4 20. Nxe4 Nf5 21. Qd2 Ncd4 22. Kh1 Nxf3 23. Bxf3 Nh4 24. Qf2 Nxf3 25. Qxf3 Bb7 26. Bb2 Re7 27. Bxg7 Kxg7 28. Kg1 Rfe8 29. f5 gxf5 30. Qg3+ Kh8 31. Nf6 Qc6 32. Nxe8 Rxe8 33. Rxf5 Qh1+ 34. Kf2 Qxb1 0-1

[Event "Luxembourg-chT 1112"]
[Site "Luxembourg"]
[Date "2011.10.??"]
[Round "1"]
[White "Roller, Paul"]
[Black "Kirsch, Laurent"]
[Result "0-1"]
[WhiteElo "1902"]
[BlackElo "2102"]
[PlyCount "78"]
[EventDate "2011.10.??"]
[EventType "team-tourn"]
[EventRounds "10"]
[EventCountry "LUX"]
[SourceTitle "EXT 2017"]
[Source "ChessBase"]
[SourceDate "2016.10.25"]
[SourceVersion "1"]
[SourceVersionDate "2016.10.25"]
[SourceQuality "1"]

1. e4 c5 2. Nf3 d6 3. d4 cxd4 4. Nxd4 Nf6 5. Nc3 a6 6. Be2 e6 7. Be3 Be7 8. a4 Nc6 9. 0-0 0-0 10. f4 Qc7 11. Kh1 Re8 12. Bf3 Bf8 13. Nde2 Rb8 14. g4 b6 15. g5 Nd7 16. Bg2 Bb7 17. Rf3 Nb4 18. Rh3 g6 19. Ng3 Rbd8 20. Rc1 d5 21. Qg4 Bg7 22. e5 Nc6 23. Nce2 Nf8 24. c3 Na5 25. Rf1 Nc4 26. Bc1 b5 27. axb5 axb5 28. Nd4 b4 29. Nge2 bxc3 30. bxc3 Qb6 31. Rd3 Ba6 32. Rdd1 Rb8 33. Rfe1 Nd7 34. Qh4 Nc5 35. Qg3 Rec8 36. h4 Qa5 37. Qh3 Rb6 38. Bxd5 exd5 39. Qxc8+ Bxc8 0-1

[Event "LUX-ch AB"]
[Site "Differdingen"]
[Date "2007.04.15"]
[Round "9.5"]
[White "Ludewig, Robert"]
[Black "Kirsch, Laurent"]
[Result "1/2-1/2"]
[WhiteElo "1897"]
[BlackElo "2019"]
[PlyCount "28"]
[EventDate "2007.04.07"]
[EventType "swiss"]
[EventRounds "9"]
[EventCountry "LUX"]
[SourceTitle "EXT 2008"]
[Source "ChessBase"]
[SourceDate "2007.11.25"]
[SourceVersion "1"]
[SourceVersionDate "2007.11.25"]
[SourceQuality "1"]

1. f4 Nf6 2. Nf3 g6 3. b3 Bg7 4. Bb2 0-0 5. e3 d6 6. Be2 c5 7. 0-0 Nc6 8. Qe1 Qc7 9. c4 Nb4 10. Qd1 Rd8 11. a3 Nc6 12. Nc3 e5 13. fxe5 dxe5 14. Ng5 h6 1/2-1/2

[Event "LUX-ch AB"]
[Site "Differdingen"]
[Date "2007.04.08"]
[Round "2.8"]
[White "Kirsch, Laurent"]
[Black "Boyarchenko, Marie"]
[Result "1/2-1/2"]
[WhiteElo "2020"]
[BlackElo "1756"]
[PlyCount "65"]
[EventDate "2007.04.07"]
[EventType "swiss"]
[EventRounds "9"]
[EventCountry "LUX"]
[SourceTitle "EXT 2008"]
[Source "ChessBase"]
[SourceDate "2007.11.25"]
[SourceVersion "1"]
[SourceVersionDate "2007.11.25"]
[SourceQuality "1"]

1. e4 c5 2. Nf3 e6 3. d4 cxd4 4. Nxd4 a6 5. Nc3 Qc7 6. Bd3 Nf6 7. 0-0 Be7 8. Qe2 Nc6 9. Nxc6 bxc6 10. e5 Nd5 11. Nxd5 cxd5 12. Bd2 0-0 13. Rfe1 f5 14. c4 d4 15. b4 Bb7 16. c5 Qc6 17. f3 a5 18. a3 axb4 19. axb4 Rxa1 20. Rxa1 Ra8 21. Rxa8+ Bxa8 22. Bb5 Qd5 23. Bc4 Qc6 24. Qd3 Qa4 25. Qxd4 Qd1+ 26. Bf1 Bc6 27. Bc3 Qc1 28. Qd2 Qb1 29. Qe1 Qc2 30. Be2 Bh4 31. Qd2 Qb1+ 32. Qd1 Qa2 33. Qd2 1/2-1/2

[Event "LUX-ch AB"]
[Site "Differdingen"]
[Date "2007.04.07"]
[Round "1.10"]
[White "Stoverinck, Tijn"]
[Black "Kirsch, Laurent"]
[Result "0-1"]
[WhiteElo "1749"]
[BlackElo "2019"]
[PlyCount "56"]
[EventDate "2007.04.07"]
[EventType "swiss"]
[EventRounds "9"]
[EventCountry "LUX"]
[SourceTitle "EXT 2008"]
[Source "ChessBase"]
[SourceDate "2007.11.25"]
[SourceVersion "1"]
[SourceVersionDate "2007.11.25"]
[SourceQuality "1"]

1. e4 c5 2. Nc3 Nc6 3. f4 g6 4. Nf3 Bg7 5. Bb5 Nd4 6. a4 a6 7. Bc4 e6 8. e5 d5 9. exd6 Qxd6 10. d3 Ne7 11. 0-0 0-0 12. Ne4 Qc7 13. Kh1 b6 14. c3 Nxf3 15. Qxf3 Bb7 16. Qf2 Nf5 17. Be3 Nxe3 18. Qxe3 Qc6 19. Qh3 b5 20. Bb3 c4 21. axb5 axb5 22. Bc2 cxd3 23. Bxd3 Rxa1 24. Rxa1 Rd8 25. Bc2 h6 26. Qh4 Rd2 27. Bd1 Qxe4 28. Bf3 Qc2 0-1